01088nji a22002777a 450000500170000000600190001700700150003600800410005102800190009203500130011104000130012410000180013724501170015524600910027226000250036330000940038850000170048250000280049950501910052760000180071865000360073665000160077270000160078870000030080470000030080720100910155023.0a|||||r|||||00| 0 sd ammalaaahaa100830t xxu||||| |||| 00| 0 eng d aEASD 1714bEMI aGR-02471 aSEDcSED aSurinder Kaur aShabada & Salokas of guru tech Bahadur ji / (VOL 2 )cby Surinder Kaur; music by S Mohinderh[sound recording] : aਸ਼ਬਦ & ਸਲੋਕਾ ਓਫ ਗੁਰੂ ਟਚ ਬਹਾਦੁਰ ਜੀ /  aDum Dum, India bEMI a1 sound disc [Gramophone Recording]:banalog, 33 1/3 rpm c12 in. (MP)fGramophone Record aBrief Record aRecord labels : EMI,Red aSide -1 ਇਹ ਜਾਗ ਮੀਤ ਨਾ ਦੇਖਿਓ ਕੋਈ (Eh Jag meet na dekhio koee) Side ੨ ਗੁਣ ਗੋਬਿੰਦ ਗੈਯੋ ਨਹੀ (Gun Gobind Gaiyo Nahi ) aSurinder Kaur aPunjabi BhajanzIndiaxExcerpts aVocal Music aS Mohinder